000 00831nam a2200217Ia 4500
999 _c4635
_d4635
020 _a0421587105
020 _a9780421587106
050 _aKD7869
_b.C55
100 1 _aClarkson, C. M. V.
245 1 0 _aCriminal law :
_btext and materials /
_cby C.M.V. Clarkson, H.M. Keating.
250 _aFourth edition.
260 _aLondon :
_bSweet & Maxwell,
_c1998.
300 _axlvii, 857 pages ;
_c24 cm.
500 _aIncludes index.
505 _aCrime and punishment. The general principles of criminal liability. General defences. Causation. Inchoate offences. Parties to crime. Non-fatal offences against the person. Homicide. Offences against property. Towards a general theory of criminal law.
650 0 _aCriminal law
650 0 _aCriminal law
650 0 _aCriminal law
700 1 _aKeating, Heather M.
942 _cBK